=LDR 00000nam 2200000 4500 =001 INLIS000000000012705 =005 20130612104211 =008 ***********************************Ind** =035 ##$$0010-061300000012705 =041 ##$$a Ind =082 ##$$a 614 =090 ##$$a 614, War h =100 ##$$a Warubrand, Wax =245 ##$$a Hidup bebas dari rasa sakit dan derita, Wax Warubrand =260 ##$$a 1985 $b Bandung =300 ##$$a 154 hlm., 20 cm =650 ##$$a Kesehatan masyarakat =850 ##$$a NBPNMAT